• 首页
  • 本馆介绍
  • 公告通知
  • 最新文献
  • 馆藏检索
  • 电子资源
  • 读者导购
  • 参考咨询
  • 我的图书馆
  • 登录
  • 详细信息显示
  • 放入我的书架
  • 预约/预借图书
  • 作者相关作品
  • 分类相关作品
  • 丛书相关作品
  • 出版社相关作品

书目信息

  • 表格格式
  • 工作单格式
  • 卡片格式
题名:
徐宝璜新闻学论集
    
 
作者: 徐宝璜 著 ;肖东发 , 邓绍根 编
分册:  
出版信息: 北京   北京大学出版社  2008.12
页数: 183页
开本: 23cm
丛书名: 北京大学新闻学研究会丛书
单 册:
中图分类: G210-53
科图分类:
主题词: 新闻学--文集 , 新闻学
电子资源:
ISBN: 978-7-301-14341-4
000 01104oam2 2200289 450
001 010050001836
005 20091208154416.31
010    @a978-7-301-14341-4@dCNY29.00
100    @a20081230d2008 em y0chiy0110 ea
101 0  @achi
102    @aCN@b110000
105    @aac z 000yy
106    @ar
200 1  @a徐宝璜新闻学论集@9xu bao huang xin wen xue lun ji@f徐宝璜著@g肖东发,邓绍根编
210    @a北京@c北京大学出版社@d2008.12
215    @a183页@c图,肖像@d23cm
225 2  @a北京大学新闻学研究会丛书
330    @a本书主要内容分为四大部分:第一部分是《新闻学大意》;第二部分为北京大学新闻学研究会于1919年12月6日正式出版的徐宝璜著作《新闻学》;第三部分是徐宝璜先生撰写并发表于各报刊的新闻学文章十三篇;附录部分收录了徐宝璜所作的序文以及逝世后一些时人和著名学者撰写的纪念文章。
461  0 @12001 @a北京大学新闻学研究会丛书
606 0  @a新闻学@j文集
606 0  @a新闻学
690    @aG210-53@v4
701  0 @a徐宝璜@9xu bao huang@4著
702  0 @a肖东发@9xiao dong fa@4编
702  0 @a邓绍根@9deng shao gen@4编
801  0 @aCN@bRENTIAN@c20091208
905    @b20794824-28@dG210-53@e363@f5
    
    徐宝璜新闻学论集/徐宝璜著/肖东发,邓绍根编.-北京:北京大学出版社,2008.12
    183页:图,肖像;23cm.-(北京大学新闻学研究会丛书)
    
    
    ISBN 978-7-301-14341-4:CNY29.00
    本书主要内容分为四大部分:第一部分是《新闻学大意》;第二部分为北京大学新闻学研究会于1919年12月6日正式出版的徐宝璜著作《新闻学》;第三部分是徐宝璜先生撰写并发表于各报刊的新闻学文章十三篇;附录部分收录了徐宝璜所作的序文以及逝世后一些时人和著名学者撰写的纪念文章。
●
相关链接 在E读中查询图书 在五车中查询图书 在当当中查询图书 在豆瓣中查询图书


正题名:徐宝璜新闻学论集     索取号:G210-53/363         预约/预借

序号 登录号 条形码 馆藏地/架位号 状态 备注
1 794824   207948248   第一样本阅览室/ [索取号:G210-53/363] 在馆    
2 794825   207948257   第四借阅区/ [索取号:G210-53/363] 在馆    
3 794826   207948266   第四借阅区/ [索取号:G210-53/363] 在馆    
4 794827   207948275   第四借阅区/ [索取号:G210-53/363] 在馆    
5 794828   207948284   密集书库-文学院/ [索取号:G210-53/363] 在馆    
唐山师范学院图书馆 欢迎您!
大连网信软件有限公司© 版权所有